DENTAL TECHNICIAN -DENTAL MATERIAL (Record no. 4380)

MARC details
000 -LEADER
fixed length control field 00360nam a2200145Ia 4500
008 - FIXED-LENGTH DATA ELEMENTS--GENERAL INFORMATION
fixed length control field 150201s2004 xx 000 0 und d
082 ## - DEWEY DECIMAL CLASSIFICATION NUMBER
Classification number 617.6
Item number D2004S
100 ## - MAIN ENTRY--PERSONAL NAME
Personal name SADATULLA
245 ## - TITLE STATEMENT
Title DENTAL TECHNICIAN -DENTAL MATERIAL
250 ## - EDITION STATEMENT
Edition statement 2ND
260 ## - PUBLICATION, DISTRIBUTION, ETC. (IMPRINT)
Name of publisher, distributor, etc. PARAS PUBLISHING
Place of publication, distribution, etc. HYDERABAD
Date of publication, distribution, etc. 2004
300 ## - PHYSICAL DESCRIPTION
Extent 1-297
650 ## - SUBJECT ADDED ENTRY--TOPICAL TERM
Topical term or geographic name as entry element PROSTHODONTICS
942 ## - ADDED ENTRY ELEMENTS (KOHA)
Source of classification or shelving scheme Dewey Decimal Classification
Koha item type Books
Holdings
Withdrawn status Lost status Source of classification or shelving scheme Damaged status Not for loan Home library Current library Date acquired Source of acquisition Cost, normal purchase price Serial Enumeration / chronology SGTU Bill Number Total Checkouts Full call number Barcode Date last seen Bill Date Koha item type
    Dewey Decimal Classification     SGT Dental Library SGT Dental Library 01/11/2009 U.B.S.DELHI 150.00 2 SGTU 671   617.6 D2004S FD5937 09/02/2015 02/03/2013 Books
    Dewey Decimal Classification     SGT Dental Library SGT Dental Library 01/11/2009 U.B.S.DELHI 150.00 2 SGTU 671   617.6 D2004S FD5938 09/02/2015 02/03/2013 Books
    Dewey Decimal Classification     SGT Dental Library SGT Dental Library 01/11/2009 U.B.S.DELHI 150.00 2 SGTU 671   617.6 D2004S FD5939 09/02/2015 02/03/2013 Books
    Dewey Decimal Classification     SGT Dental Library SGT Dental Library 01/11/2009 U.B.S.DELHI 150.00 2 SGTU 671   617.6 D2004S FD5940 09/02/2015 02/03/2013 Books
    Dewey Decimal Classification     SGT Dental Library SGT Dental Library 01/11/2009 U.B.S.DELHI 150.00 2 SGTU 671   617.6 D2004S FD5941 09/02/2015 02/03/2013 Books